The camping trip that changed America : (Record no. 4400)

MARC details
000 -LEADER
fixed length control field 01288cam a2200277 a 4500
005 - DATE AND TIME OF LATEST TRANSACTION
control field 20250801104445.0
020 ## - INTERNATIONAL STANDARD BOOK NUMBER
International Standard Book Number 9780545569910
040 ## - CATALOGING SOURCE
Original cataloging agency DLC
Transcribing agency DLC
Modifying agency DLC
Language of cataloging eng
050 00 - LIBRARY OF CONGRESS CALL NUMBER
Classification number E757.R93
Item number 2012
082 00 - DEWEY DECIMAL CLASSIFICATION NUMBER
Classification number 979.4
100 1# - MAIN ENTRY--PERSONAL NAME
Personal name Rosenstock, Barb
245 14 - TITLE STATEMENT
Title The camping trip that changed America :
Remainder of title Theodore Roosevelt, John Muir, and our national parks /
Statement of responsibility, etc. by Barb Rosenstock ; illustrated by Mordicai Gerstein
250 ## - EDITION STATEMENT
Edition statement First scholastic printing , April 2013
260 ## - PUBLICATION, DISTRIBUTION, ETC.
Place of publication, distribution, etc. New York :
Name of publisher, distributor, etc. Scholastic ;
Date of publication, distribution, etc. 2012 .
300 ## - PHYSICAL DESCRIPTION
Extent 32 unnumbered pages :
Other physical details color illustrations ;
Dimensions 29 cm .
505 ## - FORMATTED CONTENTS NOTE
Formatted contents note R <br/>
520 ## - SUMMARY, ETC.
Summary, etc. Offers insight into the camping trip that President Theodore Roosevelt and naturalist John Muir took to the redwoods of Yosemite in 1903, during which the two men had experiences and conversations that eventually contributed to the establishment of national parks in the United States.
521 ## - TARGET AUDIENCE NOTE
Target audience note 740 <br/>
Source Lexile <br/>
521 ## - TARGET AUDIENCE NOTE
Target audience note R <br/>
Source Raz-Plus <br/>
650 #0 - SUBJECT ADDED ENTRY--TOPICAL TERM
Topical term or geographic name entry element National parks and reserves
Geographic subdivision United States
General subdivision History
Form subdivision Juvenile literature.
650 #0 - SUBJECT ADDED ENTRY--TOPICAL TERM
Topical term or geographic name entry element Environmentalism
Geographic subdivision United States
General subdivision History
Form subdivision Juvenile literature.
700 1# - ADDED ENTRY--PERSONAL NAME
Personal name Gerstein, Mordicai
Relator term illustrator
906 ## - LOCAL DATA ELEMENT F, LDF (RLIN)
a 7
b cbc
c orignew
d 1
e ecip
f 20
g y-gencatlg
942 ## - ADDED ENTRY ELEMENTS (KOHA)
Source of classification or shelving scheme Dewey Decimal Classification
Koha item type Books
Suppress in OPAC No
999 ## -
-- 4400
-- 4400
Holdings
Withdrawn status Lost status Source of classification or shelving scheme Damaged status Not for loan Collection Home library Current library Shelving location Date acquired Total Checkouts Full call number Barcode Date last seen Date last checked out Price effective from Koha item type Copy number
    Dewey Decimal Classification     Non-Fiction Footprints International School Library Network Toul Kork Campus Footprints International School Library Network Toul Kork Campus   08/20/2024 1 ROS 979.4 E757.R93 FISBK06291 04/25/2025 04/04/2025 08/20/2024 Books  
    Dewey Decimal Classification     Non-Fiction Footprints International School Library Network Toul Kork Campus Footprints International School Library Network Toul Kork Campus TK Primary Library Room(4th Floor), Bookcase 5&6, Shelves 33-56, Orange Books 11/01/2024   ROS 979.4 E757.R93 FISTK01939 11/01/2024   11/01/2024 Books 2
    Dewey Decimal Classification     Non-Fiction Footprints International School Library Network Toul Tom Poung Campus Footprints International School Library Network Toul Tom Poung Campus TTP Primary Orange Bookshelves 08/01/2025   ROS 979.4 E757.R93 FISO5338 08/01/2025   08/01/2025 Books 3